MARC

LEADER 00000nam0a2200000 4500
001 332941
005 20231102004515.0
035 |a (RuTPU)RU\TPU\book\358931 
090 |a 332941 
100 |a 20170602d m y0rusy50 ca 
101 1 |a rus  |c eng 
102 |a RU 
105 |a a z 001zy 
200 1 |a Магнитная гидродинамика  |e пер. с англ.  |f Т. Каулинг  |g пер. В. Г. Петрова 
210 |a Москва  |c Атомиздат  |d 1978 
215 |a 139 с.  |c ил. 
320 |a Библиогр.: с. 137-139 
320 |9 572  |a Алф.-предм. указ.: с. 140-142 
606 1 |a Магнитная гидродинамика  |2 stltpush  |3 (RuTPU)RU\TPU\subj\69442  |9 84293 
610 1 |a магнитная гидростатика 
610 1 |a волны 
610 1 |a колебания 
610 1 |a динамическая неустойчивость 
610 1 |a конвекция 
610 1 |a динамо 
610 1 |a турбулентные движения 
610 1 |a разреженная плазма 
675 |a 537.84  |v 4 
700 1 |a Каулинг  |b Т. 
702 1 |a Петров  |b В. Г.  |4 730 
801 1 |a RU  |b 63413507  |c 20170602 
801 2 |a RU  |b 63413507  |c 20201126  |g RCR 
942 |c BK